000
00305nam a2200109 a 4500
005
20140414093830.0
008
970101s19uu xx 00 eng d
050
_a
VHS 900
_b
R 33
245
_a
1) Cahoka mounds; ancient Metropolis :
_b
2) The dark secrets of the simpsons.
942
_c
AVM
999
_c
108638
_d
108638